[Event "Bristol Fide Open 2018"]
[Site "Bristol Grammar School"]
[Date "2018.06.16"]
[Round "3.19"]
[White "Savage, Nicholas W"]
[Black "Brown, Tom"]
[Result "1/2-1/2"]
[WhiteElo "1968"]
[BlackElo "1730"]
[PlyCount "68"]
[EventDate "2018.06.15"]
[SourceVersionDate "2018.06.16"]

1. d4 d5 2. c4 dxc4 3. e4 Nf6 4. e5 Nd5 5. Bxc4 Nb6 6. Bd3 Nc6 7. Be3 Nb4 8.
Be4 f5 9. exf6 exf6 10. Nc3 g6 11. Rc1 c6 12. Nge2 Be6 13. O-O Bg7 14. Nf4 Bc4
15. Re1 O-O 16. a3 N4d5 17. Ncxd5 cxd5 18. Bf3 Qd6 19. b3 Bb5 20. a4 Bc6 21.
Nd3 Rfe8 22. Bf4 Qf8 23. Qd2 Rxe1+ 24. Rxe1 Re8 25. Nc5 Qf7 26. Rxe8+ Qxe8 27.
Qe3 Qxe3 28. fxe3 Kf7 29. b4 a6 30. b5 axb5 31. axb5 Bxb5 32. Bc7 Na8 33. Bxd5+
Ke7 34. Bf4 Bc6 1/2-1/2

[Event "Bristol Fide Open 2018"]
[Site "Bristol Grammar School"]
[Date "2018.06.16"]
[Round "3.21"]
[White "Smith, Christopher"]
[Black "Hosdurga, Chirag"]
[Result "1-0"]
[WhiteElo "1891"]
[BlackElo "1508"]
[PlyCount "75"]
[EventDate "2018.06.15"]
[SourceVersionDate "2018.06.16"]

1. d4 d5 2. Bf4 Nf6 3. e3 e6 4. Nd2 Bd6 5. Bg3 O-O 6. Bd3 b6 7. Ngf3 Bb7 8. c3
c5 9. Ne5 Nc6 10. Qe2 Qc7 11. Nxc6 Bxc6 12. Bxd6 Qxd6 13. Nf3 Rad8 14. Ne5 Bb7
15. O-O Nd7 16. f4 f5 17. Rf3 Nxe5 18. fxe5 Qe7 19. Bb5 Rf7 20. a4 Ra8 21. Ba6
c4 22. Bxb7 Qxb7 23. Rf2 Raf8 24. g3 Qe7 25. Qd2 g5 26. Raf1 g4 27. Qe2 Qg5 28.
Rf4 h5 29. Qf2 Qe7 30. Qc2 Rc8 31. Qf2 Rh7 32. e4 dxe4 33. d5 Rc5 34. dxe6 Qxe6
35. Rxf5 Rcc7 36. Rf8+ Kg7 37. Rg8+ Kh6 38. Qf4# 1-0

[Event "Bristol Fide Open 2018"]
[Site "Bristol Grammar School"]
[Date "2018.06.16"]
[Round "3.22"]
[White "Dias, Savin"]
[Black "Turner, Joseph D"]
[Result "1/2-1/2"]
[WhiteElo "1771"]
[BlackElo "1886"]
[PlyCount "74"]
[EventDate "2018.06.15"]
[SourceVersionDate "2018.06.16"]

1. e4 e5 2. Nf3 Nc6 3. Bc4 Nf6 4. d3 Bc5 5. c3 O-O 6. O-O d6 7. Nbd2 Bg4 8. h3
Bh5 9. Re1 Qd7 10. Nf1 Na5 11. Bb3 Nxb3 12. axb3 Rae8 13. Ng3 d5 14. Nxh5 Nxh5
15. Ra5 Qc6 16. b4 Bd6 17. exd5 Qd7 18. Rxa7 f5 19. Rxb7 e4 20. dxe4 fxe4 21.
Ng5 Qf5 22. Rf1 Qe5 23. f4 exf3 24. Nxf3 Rxf3 25. Rxf3 Qh2+ 26. Kf2 Bg3+ 27.
Rxg3 Qxg3+ 28. Kf1 Rf8+ 29. Kg1 Qf2+ 30. Kh2 Ng3 31. Qd3 Nf1+ 32. Kh1 Qe1 33.
d6 Nd2+ 34. Kh2 Nf1+ 35. Kh1 Ng3+ 36. Kh2 Nf1+ 37. Kh1 Ng3+ 1/2-1/2

[Event "Bristol Fide Open 2018"]
[Site "Bristol Grammar School"]
[Date "2018.06.16"]
[Round "3.24"]
[White "Pramod Paleri, Adithya"]
[Black "Hurst, Eddie"]
[Result "1/2-1/2"]
[WhiteElo "1643"]
[BlackElo "1928"]
[PlyCount "127"]
[EventDate "2018.06.15"]
[SourceVersionDate "2018.06.16"]

1. d4 Nf6 2. c4 g6 3. Nf3 d5 4. cxd5 Nxd5 5. g3 Bg7 6. Bg2 Nc6 7. O-O Nb6 8. e3
O-O 9. Nc3 h6 10. b3 Be6 11. Bb2 Qd7 12. Re1 Rad8 13. Qe2 Bh3 14. Bh1 Bg4 15.
Ne4 e5 16. dxe5 Qf5 17. Nh4 Bxe2 18. Nxf5 gxf5 19. Rxe2 fxe4 20. Bxe4 Bxe5 21.
Bxc6 Bxb2 22. Rxb2 bxc6 23. Rc1 Rd6 24. Rbc2 Kg7 25. Rxc6 Rxc6 26. Rxc6 Rc8 27.
Kg2 a5 28. Kf3 a4 29. b4 a3 30. Ke4 Re8+ 31. Kd3 Nd5 32. Kc4 Rd8 33. Rc5 Nb6+
34. Kb3 Rd3+ 35. Rc3 Rd2 36. Rc2 Rd3+ 37. Rc3 Rd2 38. Rc2 Rxc2 39. Kxc2 Kf6 40.
Kb3 Ke5 41. Kxa3 Ke4 42. b5 Kf3 43. Kb4 Kxf2 44. a4 Kxe3 45. a5 Nd7 46. a6 Kd4
47. a7 Nb6 48. Ka5 h5 49. h3 f5 50. h4 Kc5 51. Ka6 c6 52. bxc6 Kxc6 53. Ka5 Na8
54. Kb4 Nb6 55. Ka5 Kb7 56. Kb5 Nd5 57. Kc5 Ne7 58. Kd6 Ng6 59. Ke6 Nxh4 60.
Kf6 f4 61. gxf4 Ng2 62. Kg5 h4 63. Kg4 Kxa7 64. Kh3 1/2-1/2

[Event "Bristol Fide Open 2018"]
[Site "Bristol Grammar School"]
[Date "2018.06.17"]
[Round "4.1"]
[White "Varney, Daniel"]
[Black "Merry, Alan"]
[Result "0-1"]
[WhiteElo "1829"]
[BlackElo "2460"]
[PlyCount "88"]
[EventDate "2018.06.15"]
[SourceVersionDate "2018.06.16"]

1. e4 e6 2. d4 d5 3. e5 c5 4. c3 Qb6 5. Nf3 Nc6 6. Bd3 cxd4 7. cxd4 Bd7 8. O-O
Nxd4 9. Nbd2 Ne7 10. Nxd4 Qxd4 11. Nf3 Qb6 12. Ng5 h6 13. Nh7 Bb5 14. Be3 Qa6
15. Bxb5+ Qxb5 16. Nxf8 Kxf8 17. Rc1 Qd7 18. Bc5 Kg8 19. Bxe7 Qxe7 20. f4 g6
21. g4 Rh7 22. Rc3 Rf8 23. f5 exf5 24. Qxd5 fxg4 25. Rf6 Rg7 26. Qd6 Re8 27.
Rc7 Qxe5 28. Qxe5 Rxe5 29. Rxb7 a5 30. Ra7 h5 31. b3 h4 32. Ra8+ Kh7 33. Ra7
Rf5 34. Rxf5 gxf5 35. Rxa5 f4 36. Rh5+ Kg6 37. Rxh4 f5 38. Rh8 f3 39. Rc8 Re7
40. Rc2 Kg5 41. a4 Re1+ 42. Kf2 Rh1 43. Ke3 f4+ 44. Kd3 g3 0-1

[Event "Bristol Fide Open 2018"]
[Site "Bristol Grammar School"]
[Date "2018.06.17"]
[Round "4.2"]
[White "Arkell, Keith"]
[Black "Krzyzanowski, Patryk"]
[Result "1/2-1/2"]
[WhiteElo "2417"]
[BlackElo "2072"]
[PlyCount "76"]
[EventDate "2018.06.15"]
[SourceVersionDate "2018.06.16"]

1. Nf3 Nf6 2. c4 c5 3. Nc3 Nc6 4. g3 d6 5. Bg2 g6 6. a3 Be6 7. d3 Bg7 8. Rb1
O-O 9. b4 d5 10. Ng5 cxb4 11. axb4 a5 12. bxa5 Qxa5 13. Bd2 dxc4 14. Nxe6 fxe6
15. Rxb7 Ng4 16. O-O Bxc3 17. Bxc3 Qxc3 18. Bxc6 cxd3 19. Bf3 Ne5 20. Rb3 Qc4
21. Rxd3 Nxd3 22. exd3 Qa4 23. Bxa8 Qxd1 24. Rxd1 Rxa8 25. Re1 Ra6 26. Kg2 Rd6
27. Re3 Kf7 28. Kf3 Kf6 29. Ke4 Rd5 30. Rf3+ Rf5 31. Rf4 h5 32. h4 Kg7 33. Rxf5
exf5+ 34. Ke5 Kf7 35. d4 Kf8 36. Kf4 Kf7 37. Ke5 Kf8 38. Ke6 Ke8 1/2-1/2

[Event "Bristol Fide Open 2018"]
[Site "Bristol Grammar School"]
[Date "2018.06.16"]
[Round "4.3"]
[White "Moore, Graham J"]
[Black "Roe, Simon"]
[Result "1-0"]
[WhiteElo "2210"]
[BlackElo "2226"]
[PlyCount "85"]
[EventDate "2018.06.15"]
[SourceVersionDate "2018.06.16"]

1. e4 Nf6 2. e5 Nd5 3. d4 d6 4. Nf3 dxe5 5. Nxe5 g6 6. Be2 Bg7 7. O-O O-O 8. c4
Nb6 9. Nc3 N8d7 10. Nf3 Nf6 11. h3 c6 12. Be3 Be6 13. b3 Qc7 14. Qc1 Rfd8 15.
Rd1 Bf5 16. Bf4 Qc8 17. Qe3 Re8 18. Rac1 Qd8 19. Ne5 Nc8 20. g4 Be6 21. Nd3 Nd6
22. Nc5 Bc8 23. Bf3 h5 24. Qe2 hxg4 25. hxg4 Nd7 26. Nxd7 Bxd7 27. c5 Nc8 28.
Kg2 Qa5 29. Be5 f6 30. Bf4 e6 31. Ne4 Rf8 32. Rh1 g5 33. Bg3 Qd8 34. Qd3 f5 35.
gxf5 exf5 36. Qc4+ Rf7 37. Bh5 Be8 38. Nd6 Nxd6 39. Bxd6 b5 40. Qe6 Qc8 41.
Rce1 Qb7 42. Bg6 Bxd4 43. Bh7+ 1-0

[Event "Bristol Fide Open 2018"]
[Site "Bristol Grammar School"]
[Date "2018.06.17"]
[Round "4.4"]
[White "Martin, Lewis"]
[Black "Waddington, Mike"]
[Result "0-1"]
[WhiteElo "2089"]
[BlackElo "2083"]
[PlyCount "76"]
[EventDate "2018.06.15"]
[SourceVersionDate "2018.06.16"]

1. e4 e5 2. Nf3 f5 3. Nxe5 Qf6 4. d4 d6 5. Nc4 fxe4 6. Nc3 Qg6 7. Ne3 c6 8. Bc4
d5 9. Bb3 Nf6 10. Ne2 Bd6 11. c4 Be6 12. cxd5 cxd5 13. Nc3 Nc6 14. O-O O-O-O
15. Ne2 h5 16. Qc2 Kb8 17. f4 Bg4 18. f5 Qh7 19. Rd1 Rc8 20. Nc3 Nb4 21. Qb1
Bxd1 22. Bxd1 Nd3 23. Bd2 Bf4 24. Be2 Bxe3+ 25. Bxe3 Qxf5 26. Qf1 Qxf1+ 27.
Rxf1 Nxb2 28. Bf4+ Ka8 29. Nb5 a6 30. Nc7+ Ka7 31. Rb1 Nc4 32. Bxc4 dxc4 33. d5
Rxc7 34. Bxc7 Nxd5 35. Be5 Nf6 36. Kf1 Rd8 37. Ke2 Rd3 38. h3 b5 0-1

[Event "Bristol Fide Open 2018"]
[Site "Bristol Grammar School"]
[Date "2018.06.16"]
[Round "4.5"]
[White "Moore, Geoffrey R"]
[Black "Handley, Michael R"]
[Result "0-1"]
[WhiteElo "1995"]
[BlackElo "2170"]
[PlyCount "116"]
[EventDate "2018.06.15"]
[SourceVersionDate "2018.06.16"]

1. e4 e6 2. d4 d5 3. Nd2 Nf6 4. e5 Nfd7 5. Bd3 c5 6. c3 Nc6 7. Ne2 cxd4 8. cxd4
f6 9. exf6 Nxf6 10. O-O Bd6 11. Nf3 Qc7 12. h3 O-O 13. Be3 Bd7 14. Re1 Rae8 15.
Rc1 Qb8 16. Nc3 a6 17. Bb1 Re7 18. a3 Be8 19. Nh4 Bf4 20. Qd2 Nh5 21. Ne2 g5
22. Nf3 h6 23. Rc3 Bd6 24. Qd1 Nf4 25. Nxf4 gxf4 26. Bc1 Bh5 27. Kh1 Kh8 28.
Rd3 Bg6 29. b4 Bxd3 30. Qxd3 Rf6 31. Bd2 Rg7 32. Bc3 Qg8 33. Rg1 Ne7 34. Qe2
Nf5 35. Bb2 Qf7 36. Bc2 Qh5 37. Bd1 Rfg6 38. Qd2 Rg8 39. Qd3 R6g7 40. Qd2 Nh4
41. Nxh4 Qxh4 42. Qc3 Qxf2 43. Bf3 Qh4 44. Qc1 Rg3 45. Qf1 Qf6 46. Qe2 Qf7 47.
Bc3 Qf6 48. Bb2 R3g7 49. Re1 Re7 50. Qd2 Rc8 51. Bg4 Qg6 52. Bd1 f3 53. gxf3
Qh5 54. Qg2 Rg8 55. Qf1 Rg3 56. f4 Rxh3+ 57. Kg2 Rh2+ 58. Kg3 Rg7+ 0-1

[Event "Bristol Fide Open 2018"]
[Site "Bristol Grammar School"]
[Date "2018.06.17"]
[Round "4.6"]
[White "Makkar, Rajat"]
[Black "Morris, Gareth"]
[Result "1-0"]
[WhiteElo "1835"]
[BlackElo "2050"]
[PlyCount "67"]
[EventDate "2018.06.15"]
[SourceVersionDate "2018.06.16"]

1. d4 Nf6 2. c4 c5 3. d5 b5 4. Qc2 e6 5. e4 bxc4 6. Bxc4 exd5 7. exd5 d6 8. Nc3
Be7 9. Nf3 O-O 10. O-O a6 11. h3 Nbd7 12. Bf4 Nb6 13. b3 h6 14. Rfe1 Bb7 15.
Qd3 Re8 16. Rad1 Nxc4 17. bxc4 Qd7 18. Nd2 Bf8 19. Qf3 Qf5 20. Nde4 g5 21. Bxd6
Qxf3 22. gxf3 Nxe4 23. Nxe4 Rxe4 24. fxe4 Bxd6 25. e5 Bf8 26. e6 Bd6 27. Rb1
Bc8 28. e7 Bd7 29. Rb6 Bf4 30. d6 Ba4 31. Rd1 Bxd1 32. d7 Bc7 33. e8=Q+ Rxe8
34. dxe8=Q+ 1-0

[Event "Bristol Fide Open 2018"]
[Site "Bristol Grammar School"]
[Date "2018.06.17"]
[Round "4.7"]
[White "Dilleigh, Stephen P"]
[Black "Jaufarally, Nadia"]
[Result "1/2-1/2"]
[WhiteElo "2022"]
[BlackElo "1916"]
[PlyCount "125"]
[EventDate "2018.06.15"]
[SourceVersionDate "2018.06.16"]

1. Nf3 Nf6 2. c4 g6 3. Nc3 Bg7 4. d4 O-O 5. e4 d6 6. Be2 Na6 7. O-O e5 8. Be3
Ng4 9. Bg5 Qe8 10. dxe5 dxe5 11. h3 f6 12. Bd2 Nh6 13. c5 Nxc5 14. Qc1 Nf7 15.
Nd5 Ne6 16. Bb4 c6 17. Bxf8 Qxf8 18. Ne3 Nd4 19. Qd1 Qb4 20. Nxd4 exd4 21. Nc4
f5 22. a3 Qc5 23. exf5 Bxf5 24. Bd3 Be6 25. Qe2 Re8 26. Rfe1 b5 27. Nd2 Ne5 28.
Rac1 Qb6 29. Nf3 Bd5 30. Nxe5 Rxe5 31. Qd2 c5 32. Rxe5 Bxe5 33. Re1 Bf6 34. Qe2
c4 35. Qe8+ Kg7 36. Qd7+ Bf7 37. Be4 Qc5 38. Qc6 Qxc6 39. Bxc6 d3 40. Rb1 Bxb2
41. Bxb5 d2 42. Ba4 c3 43. f3 Bc4 44. Bc2 Be2 45. Kf2 d1=Q 46. Rxd1 Bxd1 47.
Bxd1 Bxa3 48. Ke3 Kf6 49. f4 Bb2 50. g4 Ke6 51. Kd3 Kd5 52. Bb3+ Kc5 53. f5
gxf5 54. gxf5 Kd6 55. f6 a5 56. Kc2 h6 57. Kd3 a4 58. Bxa4 Ke6 59. f7 Kxf7 60.
Bd7 Ke7 61. Bg4 Kd6 62. Kc2 Kc5 63. Bc8 1/2-1/2

[Event "Bristol Fide Open 2018"]
[Site "Bristol Grammar School"]
[Date "2018.06.17"]
[Round "4.8"]
[White "Kramaley, David"]
[Black "Collier, David"]
[Result "1/2-1/2"]
[WhiteElo "1831"]
[BlackElo "2011"]
[PlyCount "93"]
[EventDate "2018.06.15"]
[SourceVersionDate "2018.06.16"]

1. d4 Nf6 2. Bf4 d5 3. e3 c5 4. Nd2 Nc6 5. c3 e6 6. Bd3 Be7 7. h3 a6 8. a4 Bd6
9. Ngf3 Bxf4 10. exf4 cxd4 11. Nxd4 Nxd4 12. cxd4 Qd6 13. g3 Qb4 14. Qb3 Qxd4
15. O-O Qc5 16. Rac1 Qa5 17. Nf3 O-O 18. Ne5 Qd8 19. Rfd1 Nd7 20. Qc2 h6 21.
Ng4 Re8 22. Re1 Nf8 23. Qe2 Bd7 24. Bc2 Rc8 25. Qd3 Qa5 26. Ra1 Rc7 27. Ne5
Rec8 28. Bb3 Be8 29. Qf3 Nd7 30. g4 Qb4 31. Qg3 Nc5 32. Bc2 Bxa4 33. Bxa4 Nxa4
34. g5 hxg5 35. Qxg5 Nb6 36. Ng4 Qe7 37. Qh5 Nc4 38. f5 f6 39. Rxe6 Qf7 40. Qh4
Nd2 41. Qg3 Kf8 42. Qd6+ Kg8 43. Qg3 Kf8 44. Qd6+ Kg8 45. Qg3 Kh8 46. Qh4+ Kg8
47. Qg3 1/2-1/2

[Event "Bristol Fide Open 2018"]
[Site "Bristol Grammar School"]
[Date "2018.06.17"]
[Round "4.9"]
[White "Chapman, Matt"]
[Black "Brown, Thomas"]
[Result "0-1"]
[WhiteElo "1888"]
[BlackElo "2078"]
[PlyCount "80"]
[EventDate "2018.06.15"]
[SourceVersionDate "2018.06.16"]

1. e4 c5 2. Nf3 d6 3. d4 cxd4 4. Nxd4 Nf6 5. Nc3 g6 6. Be3 Bg7 7. f3 O-O 8. Qd2
Nc6 9. O-O-O d5 10. Qe1 e5 11. Nxc6 bxc6 12. exd5 Nxd5 13. Ne4 Qc7 14. Bc4 Be6
15. Bc5 Rfd8 16. Kb1 Nf4 17. Bxe6 Rxd1+ 18. Qxd1 Nxe6 19. Ba3 Rd8 20. Qe2 Rd5
21. g4 Qd8 22. Bb4 Nd4 23. Qf1 a5 24. Bc3 Nb5 25. g5 Rd7 26. h4 a4 27. a3 Qb6
28. Bb4 Qd8 29. Qe2 Nd4 30. Qf2 Ne6 31. Bc3 Rd1+ 32. Rxd1 Qxd1+ 33. Ka2 Qd5+
34. b3 Nd4 35. Bxd4 exd4 36. Qe2 axb3+ 37. cxb3 d3 38. Qd2 Qe5 39. Nf6+ Bxf6
40. gxf6 Qe2 0-1

[Event "Bristol Fide Open 2018"]
[Site "Bristol Grammar School"]
[Date "2018.06.17"]
[Round "4.10"]
[White "Prasse, Phillip"]
[Black "Smith, Christopher"]
[Result "1-0"]
[WhiteElo "2006"]
[BlackElo "1891"]
[PlyCount "51"]
[EventDate "2018.06.15"]
[SourceVersionDate "2018.06.16"]

1. e4 c5 2. c3 d5 3. exd5 Qxd5 4. d4 Nc6 5. Nf3 Bg4 6. dxc5 Qxd1+ 7. Kxd1 e5 8.
b4 e4 9. h3 Bxf3+ 10. gxf3 exf3 11. Bf4 Nf6 12. Kc2 Ne4 13. Nd2 Nxd2 14. Kxd2
O-O-O+ 15. Kc2 g6 16. Bc4 Rd7 17. Rad1 Bg7 18. Rxd7 Kxd7 19. Rd1+ Ke7 20. Bd6+
Kf6 21. Rd3 Ne5 22. Bxe5+ Kxe5 23. Rd7 b6 24. c6 Bf6 25. c7 Bh4 26. Ba6 1-0

[Event "Bristol Fide Open 2018"]
[Site "Bristol Grammar School"]
[Date "2018.06.17"]
[Round "4.11"]
[White "Gibbs, Dominic"]
[Black "Miller, George"]
[Result "0-1"]
[WhiteElo "1967"]
[BlackElo "1600"]
[PlyCount "76"]
[EventDate "2018.06.15"]
[SourceVersionDate "2018.06.16"]

1. e4 d6 2. Nc3 Nf6 3. d4 Nbd7 4. Nf3 e5 5. Bc4 Be7 6. O-O c6 7. a4 Qc7 8. h3
h6 9. Bb3 Nf8 10. Qe2 g5 11. dxe5 dxe5 12. Nd1 Ng6 13. Nh2 Nf4 14. Qf3 Bd7 15.
Ne3 Rh7 16. Nf5 Bxf5 17. exf5 O-O-O 18. Qe3 b6 19. a5 Bc5 20. axb6 Bxb6 21. Qe1
Rg7 22. Be3 c5 23. f3 h5 24. Ra4 h4 25. Rc4 N6h5 26. Qf2 Ng3 27. Re1 Rd1 28.
Nf1 Rxe1 29. Qxe1 Nge2+ 30. Kh2 Nd4 31. Nd2 e4 32. Kh1 exf3 33. Nxf3 Nxf3 34.
gxf3 Qe5 35. Bd2 Ne2 36. Bc3 Qe3 37. Rg4 Qxf3+ 38. Kh2 Bc7+ 0-1

[Event "Bristol Fide Open 2018"]
[Site "Bristol Grammar School"]
[Date "2018.06.17"]
[Round "4.12"]
[White "Harris, Michael T"]
[Black "Bogdan, Horia"]
[Result "1-0"]
[WhiteElo "1859"]
[BlackElo "1960"]
[PlyCount "41"]
[EventDate "2018.06.15"]
[SourceVersionDate "2018.06.16"]

1. e4 e5 2. Bc4 Nf6 3. d4 exd4 4. Nf3 Nxe4 5. Qxd4 Nf6 6. Nc3 c6 7. Bg5 Be7 8.
O-O-O O-O 9. Rhe1 d5 10. Bd3 h6 11. Qh4 hxg5 12. Nxg5 g6 13. Qh6 Bd6 14. g3 Qc7
15. h4 Rd8 16. Nce4 dxe4 17. Bc4 Be6 18. Nxe6 Bf8 19. Nxf8 Nd5 20. Qh7+ Kxf8
21. Rxe4 1-0

[Event "Bristol Fide Open 2018"]
[Site "Bristol Grammar School"]
[Date "2018.06.17"]
[Round "4.13"]
[White "Nendick, Phil"]
[Black "Jukes, Sam"]
[Result "0-1"]
[WhiteElo "1950"]
[BlackElo "1826"]
[PlyCount "114"]
[EventDate "2018.06.15"]
[SourceVersionDate "2018.06.16"]

1. d4 Nf6 2. c4 e6 3. Nc3 Bb4 4. e3 O-O 5. Nge2 d5 6. a3 Bd6 7. c5 Be7 8. b4 b6
9. Bb2 a5 10. Ng3 c6 11. Na4 Nfd7 12. Bc3 Ba6 13. Bxa6 Nxa6 14. O-O b5 15. Nb2
a4 16. f3 f5 17. e4 dxe4 18. fxe4 fxe4 19. Qg4 Nc7 20. Qxe4 Bf6 21. Qxc6 e5 22.
Rad1 Nb8 23. Qe4 exd4 24. Bxd4 Bxd4+ 25. Qxd4 Rxf1+ 26. Kxf1 Qxd4 27. Rxd4 Nc6
28. Rd6 Nxb4 29. Ne2 Nc2 30. Rd3 Nd5 31. Kf2 Rf8+ 32. Kg3 Nce3 33. Nd1 Nf5+ 34.
Kh3 Nfe7 35. Ndc3 Nxc3 36. Nxc3 Ng6 37. Rf3 Rc8 38. Nxb5 Rxc5 39. Nc3 Rc4 40.
g3 Ne5 41. Re3 Kf7 42. Kg2 Ke6 43. h3 Kd6 44. Kf2 Nd7 45. Rd3+ Kc6 46. Re3 Nf6
47. Kf3 Kc5 48. Ne2 Nd5 49. Rd3 Rc2 50. Rd4 Rxe2 51. Rxd5+ Kxd5 52. Kxe2 Kc4
53. Kd2 Kb3 54. Kd3 Kxa3 55. Kc3 h5 56. g4 hxg4 57. hxg4 g5 0-1

[Event "Bristol Fide Open 2018"]
[Site "Bristol Grammar School"]
[Date "2018.06.17"]
[Round "4.14"]
[White "Waterfield, John"]
[Black "Lampard, Alice"]
[Result "1-0"]
[WhiteElo "1924"]
[BlackElo "1664"]
[PlyCount "103"]
[EventDate "2018.06.15"]
[SourceVersionDate "2018.06.16"]

1. e4 c5 2. Nf3 Nc6 3. d4 cxd4 4. Nxd4 g6 5. Nc3 Bg7 6. Be3 Nf6 7. Be2 O-O 8.
f4 Nxd4 9. Bxd4 d6 10. g4 Qa5 11. g5 Nd7 12. Bxg7 Kxg7 13. Qd4+ Kg8 14. O-O-O
Nb6 15. h4 Be6 16. h5 Rac8 17. Kb1 Nc4 18. Nd5 Bxd5 19. exd5 Qa4 20. hxg6 fxg6
21. Bg4 Na3+ 22. bxa3 Qxc2+ 23. Ka1 Qc3+ 24. Qxc3 Rxc3 25. Kb2 Rc4 26. Be6+ Kg7
27. Rc1 Rfxf4 28. Rxc4 Rxc4 29. Rc1 Rxc1 30. Kxc1 h6 31. gxh6+ Kxh6 32. Kd2 Kg5
33. Ke3 Kf6 34. Kf4 b6 35. a4 a6 36. Bc8 a5 37. Be6 g5+ 38. Kg4 Kg6 39. Kf3 Kg7
40. Ke4 Kg6 41. Kd4 Kf6 42. Kc4 Ke5 43. Kb5 g4 44. Kc6 g3 45. Bh3 g2 46. Bxg2
e6 47. dxe6 Kxe6 48. Kxb6 Ke5 49. Kxa5 d5 50. Kb6 d4 51. a5 d3 52. Bf3 1-0

[Event "Bristol Fide Open 2018"]
[Site "Bristol Grammar School"]
[Date "2018.06.17"]
[Round "4.15"]
[White "Furnevall, Mark"]
[Black "Munshi, Aditya"]
[Result "0-1"]
[WhiteElo "1849"]
[BlackElo "1905"]
[PlyCount "50"]
[EventDate "2018.06.15"]
[SourceVersionDate "2018.06.16"]

1. d4 Nf6 2. Bf4 d5 3. e3 e6 4. Nf3 c5 5. c3 Nc6 6. Nbd2 cxd4 7. exd4 Nh5 8.
Be3 Bd6 9. Ne5 g6 10. g4 Ng7 11. f4 f6 12. Nd3 O-O 13. Bg2 Bd7 14. Qe2 Qc7 15.
O-O Be8 16. Bf2 g5 17. Bg3 Bg6 18. Nc5 gxf4 19. Bh4 Rae8 20. Nf3 e5 21. Qd2 e4
22. Ne1 b6 23. Na6 Qc8 24. Nb4 Nxb4 25. cxb4 Qxg4 0-1

[Event "Bristol Fide Open 2018"]
[Site "Bristol Grammar School"]
[Date "2018.06.17"]
[Round "4.16"]
[White "Sheremetyeva, Elizaveta"]
[Black "Howell, Oliver"]
[Result "1-0"]
[WhiteElo "1691"]
[BlackElo "1898"]
[PlyCount "71"]
[EventDate "2018.06.15"]
[SourceVersionDate "2018.06.16"]

1. e4 e6 2. d4 d5 3. e5 c5 4. c3 Nc6 5. Nf3 Bd7 6. Bd3 Qb6 7. Bc2 f6 8. O-O
fxe5 9. dxe5 O-O-O 10. Nbd2 c4 11. b3 cxb3 12. axb3 Nh6 13. h3 Nf7 14. Qe2 Kb8
15. b4 Qc7 16. Re1 g5 17. Ba4 h5 18. Bxc6 Bxc6 19. Nb3 Be7 20. Nfd4 Bd7 21. Be3
b6 22. Nb5 Bxb5 23. Qxb5 Qb7 24. Ra6 d4 25. Bxd4 Rd5 26. Qa4 Nd8 27. b5 Rh7 28.
Ra1 Bc5 29. Bxc5 bxc5 30. b6 Nc6 31. bxa7+ Ka8 32. Rxc6 g4 33. Rxe6 Rhd7 34.
Re8+ Rd8 35. Rxd8+ Rxd8 36. Nxc5 1-0

[Event "Bristol Fide Open 2018"]
[Site "Bristol Grammar School"]
[Date "2018.06.17"]
[Round "4.17"]
[White "Curtis, John"]
[Black "Brown, Tom"]
[Result "1/2-1/2"]
[WhiteElo "2077"]
[BlackElo "1730"]
[PlyCount "47"]
[EventDate "2018.06.15"]
[SourceVersionDate "2018.06.16"]

1. d4 d5 2. Nf3 Nf6 3. e3 c5 4. c4 dxc4 5. Bxc4 e6 6. O-O a6 7. a4 Nc6 8. Nc3
cxd4 9. exd4 Be7 10. Re1 O-O 11. Bf4 Bd7 12. Ne5 Rc8 13. Nxd7 Qxd7 14. d5 exd5
15. Nxd5 Nxd5 16. Qxd5 Qxd5 17. Bxd5 Bf6 18. Rab1 Rfd8 19. Bf3 Rd4 20. Re4 Rcd8
21. g3 g5 22. Be3 Ne5 23. Rxe5 Bxe5 24. Bxd4 1/2-1/2

[Event "Bristol Fide Open 2018"]
[Site "Bristol Grammar School"]
[Date "2018.06.17"]
[Round "4.18"]
[White "Smith, Lynda"]
[Black "Musson, Adam"]
[Result "1/2-1/2"]
[WhiteElo "1838"]
[BlackElo "2051"]
[PlyCount "139"]
[EventDate "2018.06.15"]
[SourceVersionDate "2018.06.16"]

1. e4 e5 2. Nf3 Nc6 3. Bb5 a6 4. Bxc6 dxc6 5. d4 exd4 6. Qxd4 Qxd4 7. Nxd4 c5
8. Ne2 Bd7 9. Be3 O-O-O 10. Nd2 Bc6 11. f3 b6 12. Nc4 f6 13. Kf2 g6 14. Nf4 Bb5
15. Na3 Bd7 16. Rad1 Bg7 17. c3 Ne7 18. Nd5 Nxd5 19. exd5 Rhe8 20. Rhe1 h5 21.
Nc4 Kb7 22. h3 h4 23. Bf4 g5 24. Bh2 b5 25. Rxe8 Rxe8 26. Ne3 f5 27. Re1 Kb6
28. Nc2 a5 29. Rxe8 Bxe8 30. Ne3 Bd7 31. Ke2 f4 32. Ng4 b4 33. Kd3 Kb5 34. Nf2
c4+ 35. Kc2 Bf5+ 36. Ne4 Bf8 37. Bg1 c5 38. dxc6 Kxc6 39. Bd4 Be7 40. Kc1 Kd5
41. Nf2 Bc5 42. Bxc5 Kxc5 43. cxb4+ axb4 44. Kd2 Kd4 45. a4 c3+ 46. bxc3+ bxc3+
47. Kc1 Bd7 48. a5 Bb5 49. Ne4 g4 50. hxg4 Bd3 51. Nf2 Bf1 52. g5 Ke5 53. g6
Kf6 54. Nh3 Bxg2 55. Nxf4 Bxf3 56. Kc2 Be4+ 57. Kxc3 Bxg6 58. Kd4 Bf5 59. a6
Bc8 60. a7 Bb7 61. Ke3 Kf5 62. Nh3 Kg4 63. Ng1 Kg3 64. Ne2+ Kg4 65. Ng1 Bc6 66.
Kf2 Bd5 67. Ke3 Bc6 68. Kf2 Ba8 69. Ke3 Kg3 70. Ne2+ 1/2-1/2

[Event "Bristol Fide Open 2018"]
[Site "Bristol Grammar School"]
[Date "2018.06.17"]
[Round "4.19"]
[White "Fowler, Hugo"]
[Black "Savage, Nicholas W"]
[Result "0-1"]
[WhiteElo "1800"]
[BlackElo "1968"]
[PlyCount "66"]
[EventDate "2018.06.15"]
[SourceVersionDate "2018.06.16"]

1. e4 e5 2. Nf3 Nc6 3. Bc4 Nf6 4. d3 Be7 5. c3 O-O 6. Bb3 d5 7. Qe2 Re8 8. Nbd2
h6 9. Nf1 Be6 10. Ng3 Qd7 11. O-O Bf8 12. Ba4 Qd6 13. Nh4 g6 14. f4 dxe4 15.
fxe5 exd3 16. Qf2 Qxe5 17. Qxf6 Qxf6 18. Rxf6 Be7 19. Ne4 Bd5 20. Bb3 Bxe4 21.
Rxf7 Bc5+ 22. Kh1 Na5 23. Bxh6 Nxb3 24. Rg7+ Kh8 25. axb3 Bf8 26. Nxg6+ Bxg6
27. Rxg6 Kh7 28. Bxf8 Kxg6 29. Bc5 Re2 30. Kg1 Rae8 31. Kf1 R8e5 32. Bd4 Rf5+
33. Kg1 d2 0-1

[Event "Bristol Fide Open 2018"]
[Site "Bristol Grammar School"]
[Date "2018.06.17"]
[Round "4.20"]
[White "Lovell, William"]
[Black "Turner, Joseph D"]
[Result "1/2-1/2"]
[WhiteElo "1737"]
[BlackElo "1886"]
[PlyCount "47"]
[EventDate "2018.06.15"]
[SourceVersionDate "2018.06.16"]

1. d4 Nf6 2. Bf4 e6 3. e3 c5 4. c3 Nc6 5. Nd2 d5 6. Ngf3 Be7 7. h3 Qb6 8. Qb3
c4 9. Qc2 Bd7 10. Ne5 Nxe5 11. Bxe5 Qc6 12. Be2 b5 13. Bf3 O-O 14. O-O Ne8 15.
e4 f6 16. Bh2 g6 17. Rfe1 Rf7 18. Nf1 Qb7 19. exd5 exd5 20. Ne3 Bc6 21. Ng4 Bf8
22. Qd2 Bd7 23. Ne3 Bc6 24. Ng4 1/2-1/2

[Event "Bristol Fide Open 2018"]
[Site "Bristol Grammar School"]
[Date "2018.06.17"]
[Round "4.21"]
[White "Dias, Savin"]
[Black "Abbott, Mark V"]
[Result "1/2-1/2"]
[WhiteElo "1771"]
[BlackElo "1885"]
[PlyCount "126"]
[EventDate "2018.06.15"]
[SourceVersionDate "2018.06.16"]

1. e4 c5 2. Nf3 g6 3. Bc4 Nc6 4. c3 e6 5. d4 cxd4 6. cxd4 d5 7. exd5 exd5 8.
Bb3 Bg7 9. h3 Nge7 10. Nc3 O-O 11. O-O Be6 12. Bg5 a6 13. Re1 Qd6 14. Qd2 Nf5
15. Ne2 Rac8 16. g4 Nfe7 17. Bh6 Qb4 18. Qxb4 Nxb4 19. Bxg7 Kxg7 20. Nf4 Kg8
21. Kg2 Nc2 22. Bxc2 Rxc2 23. Nxe6 fxe6 24. Rxe6 Nc6 25. Rd6 Rxb2 26. Rxd5 Nb4
27. Rd7 Nd3 28. Rf1 b5 29. a4 bxa4 30. Rd6 a3 31. Rxa6 a2 32. Ra3 Rb1 33. Ne5
Rxf1 34. Kxf1 Rxf2+ 35. Kg1 Rb2 36. Nxd3 Rb1+ 37. Kf2 a1=Q 38. Rxa1 Rxa1 39.
Nf4 Ra3 40. h4 Kf7 41. g5 Ke7 42. Nd5+ Ke6 43. Nf6 Rh3 44. h5 gxh5 45. Nxh7 Kf5
46. Nf6 Kxg5 47. Ne4+ Kf4 48. Nd2 Rh2+ 49. Ke1 h4 50. d5 Rh1+ 51. Kf2 Ke5 52.
Kg2 Rd1 53. Nf3+ Kf4 54. Nxh4 Kg4 55. Nf3 Rxd5 56. Nh2+ Kf4 57. Nf3 Rd3 58. Ng1
Rd2+ 59. Kf1 Ke3 60. Nh3 Ra2 61. Ng1 Rh2 62. Ke1 Rh1 63. Kf1 Rxg1+ 1/2-1/2